00523 2200217 4500001002100000005001500021035002000036008004100056245002000097100002000117260003500137300002300172020001800195084002000213082001400233650001400247990001100261990001100272990001100283990001100294INLIS00000000001294020260415100629 a0010-0821000019260415 0 1 aPsikologi Kerja1 aAnoraga, Pandji aJakarta :bRineka Cipta,c2001 a124 hlm. ;c21 cm. a979-518-315-x a150.331 1 ANO p a150.331 1 4aPsikologi a010481 a010478 a010479 a010480